00000000nam##2200000za#4500
0019.700357
003CaOODSP
00520210625000811
007cr |||||||||||
008150407|1982||||xxc|||||o    f|0| 0 eng|d
040 |aCaOODSP|beng
043 |an-cn---
0861 |aA22-261/2002E-PDF
1101 |aCanada. |bAgriculture and Agri-Food Canada.
24510|aMaking progress in global agricultural trade : |h[electronic resource]|ban update on the WTO agriculture negotiations
260 |aOttawa - Ontario : |bAgriculture and Agri-Food Canada |cc2002.
300 |a48p.
500 |aHistorical publication digitized by Agriculture and Agri-Food Canada.
590 |a15-03-Supp|b2015-03-13
77508|tProgresser dans le commerce mondial de produits agricoles : |w(CaOODSP)9.644255
85640|ahttp://publications.gc.ca|qPDF|s2546 KB|uhttps://publications.gc.ca/collections/collection_2015/aac-aafc/A22-261-2002-eng.pdf